| 000 | 00744nam a2200253Ia 4500 | ||
|---|---|---|---|
| 003 | GCL | ||
| 008 | 140319s9999 xx 000 0 ara d | ||
| 040 |
_aGCL / _cGCL |
||
| 082 | 0 | 4 |
_a320 _bث ن |
| 100 | 1 | _aثروت بدوى | |
| 245 | 1 | 0 |
_aالنظم السياسية / _cثروت بدوى |
| 260 |
_a[S.N] : _bدار النهضة العربية ، _c1986 |
||
| 300 | _a463 ص | ||
| 490 | _a | ||
| 650 | 0 | 4 | _aمصر |
| 650 | 0 | 4 | _aحقوق الانسان |
| 650 | 0 | 4 | _aالدستور |
| 650 | 0 | 4 | _aالسلطة التشريعية |
| 650 | 0 | 4 | _aالسلطة القضائية |
| 650 | 0 | 4 | _aالهيئات التشريعية |
| 650 | 0 | 4 | _aالنظم السياسية |
| 650 | 0 | 4 | _aالسلطة التنفيذية |
| 942 |
_2ddc _cBK |
||
| 999 |
_c32192 _d32192 |
||